00437nam a2200145Ia 4500100001600000942000700016654001600023245003600039260004500075082000800120300000800128546001200136999001700148952012600165 aBiswas/N.N  cBK aProgramming aFortran IV Computer Programming bEast West Press P. LtdaNew Delhic1985 a1.6 a229 aENGLISH c18332d18332 001040708AFTaCRCEbCRCEc1542 | 36d2023-03-17eUBCg70.00i2783l0o1.6 pAFT4545r2023-03-17v70.00w2023-03-17yBK